书目信息 |
| 题名: |
外国新闻传播史纲要
|
|
| 作者: | 陈力丹 , 王辰瑶 著 | |
| 分册: | ||
| 出版信息: | 北京 中国人民大学出版社 2008 |
|
| 页数: | 264页 | |
| 开本: | 23cm | |
| 丛书名: | ||
| 单 册: | ||
| 中图分类: | G219.19 | |
| 科图分类: | ||
| 主题词: | 新闻事业史--外国--教材 , 新闻事业史 | |
| 电子资源: | ||
| ISBN: | 978-7-300-09103-7 | |
| 000 | 01022nam0 2200265 45 | |
| 001 | 1130684796 | |
| 005 | 20110310092121.98 | |
| 010 | @a978-7-300-09103-7@dCNY32.00 | |
| 100 | @a20110121e20102008ekmy0chiy0120 ea | |
| 101 | 0 | @achi |
| 102 | @aCN@b110000 | |
| 105 | @aa z 000yy | |
| 106 | @ar | |
| 200 | 1 | @a外国新闻传播史纲要@AWai Guo Xin Wen Chuan Bo Shi Gang Yao@f陈力丹,王辰瑶著@FChen Li Dan, Wang Chen Yao Zhu |
| 210 | @a北京@c中国人民大学出版社@d2008@h2010 | |
| 215 | @a264页@c图@d23cm | |
| 300 | @a21世纪新闻传播学系列教材 | |
| 330 | @a本书从宏观上概括了人类社会现代新闻传播的历史轨迹,以期让读者对15世纪末至今的全球现代化进程中新闻传播的发展大势。其次,按照世界上目前的发展区域或板块,分别介绍了欧洲、美洲、西亚以外的亚洲、西亚北非、黑非洲及大洋洲的新闻传播史。 | |
| 606 | 0 | @a新闻事业史@y外国@j教材 |
| 606 | 0 | @a新闻事业史 |
| 690 | @aG219.19@v4 | |
| 701 | 0 | @a陈力丹@AChen Li Dan@4著 |
| 701 | 0 | @a王辰瑶@AWang Chen Yao@4著 |
| 801 | 0 | @aCN@bTANGWEI@c20110310 |
| 905 | @b0531249-53@dG219.19@e438@f5 | |
| 外国新闻传播史纲要/陈力丹,王辰瑶著.-北京:中国人民大学出版社,2008(2010) |
| 264页:图;23cm |
| 21世纪新闻传播学系列教材 |
| ISBN 978-7-300-09103-7:CNY32.00 |
| 本书从宏观上概括了人类社会现代新闻传播的历史轨迹,以期让读者对15世纪末至今的全球现代化进程中新闻传播的发展大势。其次,按照世界上目前的发展区域或板块,分别介绍了欧洲、美洲、西亚以外的亚洲、西亚北非、黑非洲及大洋洲的新闻传播史。 |
| ● |
| 相关链接 |
|
|
|
|
正题名:外国新闻传播史纲要
索取号:G219.19/438
 
预约/预借
| 序号 | 登录号 | 条形码 | 馆藏地/架位号 | 状态 | 备注 |
| 1 | 0531249 | 205312491 | 第一样本阅览室/ [索取号:G219.19/438] | 在馆 | |
| 2 | 0531250 | 205312507 | 密集书库-文学院/ [索取号:G219.19/438] | 在馆 | |
| 3 | 0531251 | 205312516 | 第四借阅区/ [索取号:G219.19/438] | 在馆 | |
| 4 | 0531252 | 205312525 | 第四借阅区/ [索取号:G219.19/438] | 在馆 | |
| 5 | 0531253 | 205312534 | 第四借阅区/ [索取号:G219.19/438] | 在馆 |